000 00526nam a2200193 i 4500
001 34579
003 ES-MaACL
005 20250820063023.0
007 t|
008 030207s1964 sp ||||1| spa d
100 1 _aBonilla, Luis,
_d1912-
_930180
245 1 3 _aEl amor y su alcance histórico /
_cLuis Bonilla.
250 _a1ª ed.
260 _aMadrid :
_bRevista de Occidente,
_c[1964]
300 _a262 p. ;
_c23 cm.
650 7 _aAmor
_2embne
_99754
852 _aES-MaACL
_jC-24989
999 _c34579
_d34579